书目信息 |
| 题名: |
现代室内装饰手册:商厦店堂篇
|
|
| 作者: | 陈同纲 主编 | |
| 分册: | ||
| 出版信息: | 北京 中国计划出版社 2000.07 |
|
| 页数: | 182页 | |
| 开本: | 16开 | |
| 丛书名: | ||
| 单 册: | ||
| 中图分类: | TU238.7-62 | |
| 科图分类: | ||
| 主题词: | 建筑设计 | |
| 电子资源: | ||
| ISBN: | 7-80058-840-8 | |
| 000 | 00616nam0 2200193 45 | |
| 001 | 0011091869 | |
| 005 | 20001211100341.9 | |
| 010 | @a7-80058-840-8@d24.00元 | |
| 100 | @a20001109d2000 km y0chiy0120 ea | |
| 101 | 0 | @achi |
| 105 | @a z 000yy | |
| 200 | 1 | @a现代室内装饰手册:商厦店堂篇@AXian Dai Shi Nei Zhuang Shi Shou Ce:Shang Sha Dian Tang Pian@f陈同纲等主编@FChen Tong Gang Deng Zhu Bian |
| 210 | @a北京@c中国计划出版社@d2000.07 | |
| 215 | @a182页@d16开 | |
| 606 | 0 | @a建筑设计 |
| 690 | @aTU238.7-62@v3 | |
| 701 | 0 | @a陈同纲@4主编 |
| 801 | @aCN@bPftUser@c20001109 | |
| 905 | @dTU238.7-62@eCH280@b304950-959@f10 | |
| 现代室内装饰手册:商厦店堂篇/陈同纲等主编.-北京:中国计划出版社,2000.07 |
| 182页;16开 |
| ISBN 7-80058-840-8:24.00元 |
| ● |
| 相关链接 |
|
|
|
正题名:现代室内装饰手册:商厦店堂篇
索取号:TU238.7-62/CH280
 
预约/预借
| 序号 | 登录号 | 条形码 | 馆藏地/架位号 | 状态 | 备注 |
| 1 | 304950 | 203049502 | 自科二线404/404自科库 13排6列3层/ [索取号:TU238.7-62/CH280] | 在馆 | |
| 2 | 304951 | 203049511 | 自科二线404/404自科库 13排6列3层/ [索取号:TU238.7-62/CH280] | 在馆 | |
| 3 | 304952 | 203049520 | 建筑库101/101建筑库 57排4列3层/ [索取号:TU238.7-62/CH280] | 在馆 | |
| 4 | 304953 | 203049539 | 建筑与城市规划学院资料室/101建筑库 29排4列5层/ [索取号:TU238.7-62/CH280] | 在馆 | |
| 5 | 304954 | 203049548 | 自科二线404/404自科库 7排3列2层/ [索取号:TU238.7-62/CH280] | 在馆 | |
| 6 | 304955 | 203049557 | 自科二线404/404自科库 7排3列2层/ [索取号:TU238.7-62/CH280] | 在馆 | |
| 7 | 304956 | 203049566 | 自科二线404/404自科库 13排6列3层/ [索取号:TU238.7-62/CH280] | 在馆 | |
| 8 | 304957 | 203049575 | 建筑与城市规划学院资料室/101建筑库 29排4列5层/ [索取号:TU238.7-62/CH280] | 在馆 | |
| 9 | 304958 | 203049584 | 自科二线404/404自科库 7排3列2层/ [索取号:TU238.7-62/CH280] | 在馆 | |
| 10 | 304959 | 203049593 | 自科二线404/404自科库 13排6列3层/ [索取号:TU238.7-62/CH280] | 在馆 |